Quizzes
Events
Quiz Creation
Community
Videos
Private Events
Remove Ads
Sign In
Join for FREE
Feedback
Dark Mode
Quiz Categories
Sports
Geography
Music
Movies
Television
Just For Fun
Miscellaneous
History
Literature
Language
Science
Gaming
Entertainment
Religion
Holiday
For Kids
Quiz Lab
Recent
Popular Today
Quiz Kudos Today
Editor Picks
Curator Picks
Quizzes by...
Day
Popularity
Type
Ratings
Length
Year
Community
Subscriptions
Recent Discussions
Orange Saloon
Badges
Playlists
Quests
Create
Leaderboards
Showdown
Live 5
Trivia Bingo
Activity
Puzzle Library
Sporcle Events
Private Events
Virtual Trivia
Globe League
Become a Host
Pub Owners
SporcleCon
Opinionation
Our Games
Videos
Blog
Mobile Apps
Partnerships
Remove Ads and Go Orange
Feedback
Music
Pop Music
The Beatles
Song
Album
Lyrics
Bands
Singers
Artist
Clip
Rock
Rap
Classical
Billboard
Country Music
Kpop
Taylor Swift
Music
Pop Music
The Beatles
Song
Album
Lyrics
Bands
Singers
Artist
Clip
Rock
Rap
Classical
Billboard
Country Music
Kpop
Taylor Swift
Random Quiz
Search Sporcle
×
Quiz Lab
Quiz Lab
Music
Journey
Type in answers that appear in a list
Type in answers that appear in a list
Classic
Best Score? Go Orange.
Journey Lyrics 1 Stats
Can you name the Don't Stop Believing Lyrics?
By
NDCaridi1022
5m
188 Questions
1,344 Plays
1,344 Plays
1,344 Plays
Comments
Comments
Give Quiz Kudos
Give Quiz Kudos
-
- Ratings
hide this ad
Replay
Link that replays current quiz
Next Quiz
Link to next quiz in quiz playlist
You Got
0%
They Got
Avg Score
81%
Avg Friend Score
Upgrade to see
Score Distribution
Jump to the score distribution portion of the page
Score
0/188
Timer
05:00
0
Plays Today
Lyrics
% Correct
A
99.6%
a
99.6%
a
99.6%
a
99.6%
a
99.6%
a
99.6%
a
99.6%
to
98.8%
to
98.8%
to
98.8%
to
98.8%
to
98.8%
to
98.8%
to
98.8%
in
98.4%
the
98.4%
in
98.4%
the
98.4%
in
98.4%
the
98.4%
the
98.4%
the
98.4%
in
98.4%
the
98.4%
in
98.4%
the
98.4%
the
98.4%
the
98.4%
the
98.4%
the
98.4%
in
98.4%
the
98.4%
in
98.4%
the
98.4%
the
98.4%
the
98.4%
Just
98.2%
Just
98.2%
Just
98.2%
just
98.2%
just
98.2%
and
97.6%
and
97.6%
and
97.6%
and
97.6%
and
97.6%
and
97.6%
and
97.6%
and
97.6%
and
97.6%
and
97.6%
Girl
97%
Small
96.7%
Town
96.5%
Livin'
96.5%
Living
96.5%
Living
96.5%
World
96%
Boy
95.9%
Train
95.8%
Train
95.8%
Midnight
95.5%
Midnight
95.5%
Lyrics
% Correct
Anywhere
95.3%
Anywhere
95.3%
Lonely
95.2%
Goin'
95.2%
Goin'
95.2%
She
94.9%
South
94.9%
Born
94.8%
Born
94.8%
City
94.6%
Detroit
94.5%
Took
94.4%
Took
94.4%
on
94.4%
on
94.4%
on
94.4%
on
94.4%
on
94.4%
on
94.4%
on
94.4%
on
94.4%
on
94.4%
on
94.4%
on
94.4%
Raised
94.3%
he
94%
oh
93.8%
of
87.9%
Night
87.9%
Night
87.9%
Night
87.9%
Night
87.9%
Night
87.9%
win
87.4%
Perfume
87.3%
Smell
86.4%
Cheap
86.1%
it
85.9%
it
85.9%
Wine
85.6%
Goes
85.5%
goes
85.5%
Room
84.6%
sing
84%
Some
79.8%
Some
79.8%
Some
79.8%
Smokey
78.7%
People
78%
People
78%
People
78%
People
78%
People
78%
Don't
76.5%
Don't
76.5%
Don't
76.5%
Stop
75.4%
Stop
75.4%
Stop
75.4%
Streetlight
74.5%
down
74.3%
down
74.3%
Boulevard
74%
Lyrics
% Correct
Boulevard
74%
Believin'
73.8%
Believin'
73.8%
Believin'
73.8%
Strangers
73.7%
Strangers
73.7%
Singer
72.7%
up
72.1%
up
72.1%
for
71.9%
they
70.6%
Blues
70.3%
Shadows
70.2%
Shadows
70.2%
find
70.1%
find
70.1%
will
69.9%
will
69.9%
lose
69.2%
can
68.8%
Emotion
68.8%
Emotion
68.8%
Share
67.5%
Waiting
67%
Waiting
67%
Searching
64.1%
Searching
64.1%
hold
63.8%
hold
63.8%
hold
63.8%
Feelin'
63.4%
Feelin'
63.4%
Somewhere
61.5%
Somewhere
61.5%
Smile
61.2%
were
60%
time
57.2%
one
56.5%
Never
55.7%
more
55.1%
ends
54.9%
their
54.1%
their
54.1%
Hiding
53.3%
Hiding
53.3%
Dice
52.1%
Movie
51.9%
Roll
51.1%
Streetlights
48.7%
Streetlights
48.7%
Streetlights
48.7%
Streetlights
48.7%
Thrill
48.3%
get
47.8%
my
45.8%
Everybody
45.4%
Wants
45%
Hard
44.3%
Working
43.7%
fill
42%
Anything
41.1%
Payin'
31.7%
Quiz Playlist
Details
Report
Send in Message
Add To Playlist
Classic:
Type in answers that appear in a list
Last Updated: Feb 16, 2017
Quiz Scoreboard
CHALLENGE
Sign Up to Join the Scoreboard
Show All
Scores
Hide
Comments
May contain spoilers
Recently Published
Billboard Blitz: Fleetwood Mac
by CooCooCachoo
Music
15s
Presidents Visiting Landmarks
by Hejman
History
7m
An Introduction to Baseball
by treessimontrees
Sports
5m
More to Explore
Quiz From the Vault
Featured Blog Post
Where Did the Easter Bunny Come From?
hide this ad
You Might Also Like...
Tags
Journey
Today's Top Quizzes in Music
Browse Music
hide this ad
Today's Top Quizzes in Journey
Browse Journey
Top Contributed Quizzes in Music
1
Taylor Swift All Songs (2024)
2
Guess the Artist- 70s Songs
3
7-to-1: Billboard Hot 100 #1 Hits of 2010s
4
Sorting Albums and Songs
5
Taylor Swift Logic Puzzle
6
One Thing in Common: Music
7
2010s Album by Cover III
8
KPOP LOGIC QUIZ
9
Guess the Taylor Swift song (Mystery Song)
10
Guess the Artist- 80s Songs
Explore More
Trending Topics
Crossword
Anime
Disney
Kpop
NBA
Marvel
Harry Potter
Pokémon
Song
Puzzle
WWE
NFL
Country
Soccer
The Office
hide this ad
More By:
NDCaridi1022
Quiz
Plays
Rating
Category
Featured
Created
Figure out the Lyrics (Beatles 5)
4,187
4.21
Music
Nov 9, 2010
Random Facts Nobody Should Know
1,444
1.84
Just For Fun
Nov 7, 2010
Journey Lyrics 1
1,344
3.71
Music
Sep 16, 2011
States in Order by Population
266
4.20
Geography
Oct 7, 2010
Go to Creator's Profile
Score Distribution
Quiz Creator Spotlight
NDCaridi1022
Follow
Send a Message
Quizzes Created
-
Created Quiz Play Count
-
More By This Creator
Popular Quizzes Today
1
Find the US States - No Outlines Minefield
2
Find the Countries of Europe - No Outlines Minefield
3
The Countries of the World
4
Find the US States
5
Popular People in 1961
6
US States
7
Risky Map Clicking: Biggest States A-Z
8
Movies - When Are They Set?
More Music Quizzes
10 Opening Lyrics: '50s Hits
Quiz Lab
Trending Quizzes
Risky Map Clicking: Least Populous States A-Z
1-10 Letter G Words
1-10 Letter F Words
Risky Map Clicking: Next State Alphabetically
'A' Boys' Names Grid
Recently Updated
Leaping Animals
pecheneg
Reality TV Shows (A-Z)
bhenderson79
Rickey Henderson's Hall of Fame Teammates
pecheneg
Champions League XIs: Arsenal
pecheneg
Quick Pick: Celebrities in WWE's Hall of Fame
aduchscher
A-Z Keypad Blitz II
pecheneg
Multiple Oscar Actors
pecheneg
Mystery Phrase Blitz: Oscar 'Best Actors'
pecheneg
F. Scott Fitzgerald Novels
LTH
Pick 3 Villains
ddd62291
Trending Topics
NBA
Kpop
Anime
Harry Potter
Crossword
Marvel
Disney
Puzzle
Pokémon
The Office
Soccer
WWE
Country
Song
NFL
Your Account Isn't Verified!
In order to create a playlist on Sporcle, you need to verify the email address you used during registration. Go to your
Sporcle Settings
to finish the process.
Report this User
Report this user for behavior that violates our
Community Guidelines
.
Details:
Send Report
Go to the Sporcle.com Mobile Site →
Comments